| 000 | 01180nam a22002897a 4500 | ||
|---|---|---|---|
| 001 | BD-DhSAU 9278 | ||
| 003 | BD-DhSAU | ||
| 005 | 20260513105351.0 | ||
| 008 | 260513b2018 bg a|||| m||| 00| 0 eng d | ||
| 040 | _aBD-DhSAU | ||
| 082 |
_222 _a616.96 _bSa295 |
||
| 100 |
_aAHMED, SAKIB _eRegistration # 17-07947 |
||
| 245 |
_aSerological evaluation of newcastle disease
virus immunity of vaccinated layer flocks in
gazipur and surrounding districts /
_bMS thesis |
||
| 260 |
_aSher-e-Bangla Agricultural University; _bDepartment of Microbiology and parasitology ; _c2024. |
||
| 300 |
_aix, 54p. : _bill. ; _c30 cm. |
||
| 500 | _aMS thesis of Department of Microbiology and parasitology, ;, Faculty of ASVM. Sher-e-Balgla Agricultural University Dhaka-1207 | ||
| 504 | _aIncludes bibliographical reference. | ||
| 590 | _aNazmul | ||
| 650 | _aserological evaluation | ||
| 650 | _anewcastle disease virus immunity | ||
| 651 | _avaccinated layer flocks | ||
| 654 | _agazipur and surrounding | ||
| 700 |
_aAssist. Prof. Dr. Muhammad Abdul Mannan _eSuperviser |
||
| 710 |
_eCo-Superviser _aAssico. Prof. Dr. Mahfuzul Islam |
||
| 942 |
_2ddc _cTHESIS |
||
| 999 |
_c18396 _d18395 |
||